| Record ID | ia:gabrielle0000conw |
| Source | Internet Archive |
| Download MARC XML | https://archive.org/download/gabrielle0000conw/gabrielle0000conw_marc.xml |
| Download MARC binary | https://www.archive.org/download/gabrielle0000conw/gabrielle0000conw_meta.mrc |
LEADER: 00626cam 2200229Ma 4500
001 ocm85053902
003 OCoLC
005 20210510020643.0
008 851115s1978 enk 000 0 eng d
040 $aCUD$beng$cCUD$dOCLCQ
020 $a0708813801
020 $a9780708813805
035 $a(OCoLC)85053902
100 1 $aConway, Theresa.
245 10 $aGabrielle /$cTheresa Conway.
260 $aLondon :$bFutura,$c1978.
300 $a509 pages ;$c18 cm
336 $atext$btxt$2rdacontent
337 $aunmediated$bn$2rdamedia
338 $avolume$bnc$2rdacarrier
994 $aZ0$bP4A
948 $hNO HOLDINGS IN P4A - 3 OTHER HOLDINGS